Transcultural healing : the whole human : Healing systems under the influence of Abrahamic religions, eastern religions and beliefs, paganism, new religions and mixed religious forms

Bibliographic Details
Main Author: WERNER
Format: Book
Published: Kuala Lumpur : University of Malaya Press , 1993
Subjects:

MARC

LEADER 00000cam a2200000 7i4500
001 0000000535
005 20000828.0
020 0 0 |a 9679940489 
090 0 0 |a 615.852   |b WER 1993 
100 1 0 |a WERNER   |h Roland 
245 1 0 |a Transcultural healing : the whole human :   |b Healing systems under the influence of Abrahamic religions, eastern religions and beliefs, paganism, new religions and mixed religious forms   |c Roland Werner 
260 0 0 |a Kuala Lumpur :   |b University of Malaya Press ,   |c 1993 
300 |a xi, 430 p. :   |b ill. ;   |c 26 cm. 
500 0 0 |a Bibliography: [p. 393-419] and index 
650 0 0 |a Folk medicine   |x Cross-cultural studies 
650 0 0 |a Spiritual healing 
650 0 0 |a Transcultural medical care 
999 |a 0000001655   |b Monograph   |c Open Shelf   |e Default branch